| 000 | 00359nam a2200157Ia 4500 | ||
|---|---|---|---|
| 008 | 241014s9999||||xx |||||||||||||| ||und|| | ||
| 020 | _a9780030990403 | ||
| 060 | _aHD 31 M 1997 | ||
| 100 | _aMcDonagh, Pierre | ||
| 245 | 0 | _aGreen Management | |
| 250 | _a1997 | ||
| 260 |
_aLondon _bDryden |
||
| 300 | _a526 | ||
| 650 | _aManagement | ||
| 942 |
_bIBHM _cBK |
||
| 999 |
_c16738 _d16738 |
||